Membre de la liste "Very Breizh Trip" - Statistiques

Statistiques générales
  • Ce quiz a été pris 16 fois
  • Le résultat moyen est 23 sur 44
Statistiques - réponses
Pôle Prenom Surnom % Correct
BR Colomban Coco Bourso
80%
BR Aliette Dictatrice
80%
Bar Armand El Picaro
80%
Com Arnauld farfadet ara
80%
Com Erwin farfadet foutu
80%
BR Esteban Gitan
80%
BR Le Boulch (Alex) Qui a vomi dans ma chambre ?
80%
Anim Arthur Respo Ricard
80%
Anim Theo Soulhacouette
80%
Inté Agathe Théorème de novembre
80%
BDI Paul M. Trop Mignon
80%
Anim Etienne Chouchou
70%
Bar Victor Ma biche
70%
Inté Baptiste A. Prestigieux
70%
Inté Quentin Smash NOT PASS
70%
Anim Mathilde Bob Le Bricoleur
60%
BR Elouen Buenoooo
60%
Inté Isaac Haut parleur
60%
Relex Rafael Ragebaiter
60%
Anim Benji TETRAI
60%
Bar Bertrand Tom Cruise
60%
Com Roman farfadet cooked
50%
FIP Timothé FIPMAN
50%
MA Paul Le Ny Gars
50%
BDI Mouad GOAT
50%
BDI Luc Juju's man
50%
BDI Luis Salut
50%
MA Prune Aigrie
40%
MA Baptiste Gar. Baptiste
40%
MA Jean Bodycount
40%
MA Wandrille La Ride
40%
MA Benoit Le Long
40%
Inté Maurine Maumau
40%
Anim Pia Pioupiou
40%
Bar Axel Analphabétik
30%
MA Marc Tchétchène
30%
MA Baptiste Gau. Darkbat
20%
MA Rémi Fish and Fuck
20%
BDI Santiago Kobe
20%
MA Ulysse Le Paresseux
20%
MA Florian Thauvin
20%
MA Greg T-Rex
20%
BDI Heitor Le Breizhil
10%
Bonus(BDI) Linfeng Dieu Pénis
0%
Aucun quiz correspondant
Distribution des résultats
% des personnes avec chaque résultat
Percentile par nombre de réponses
Votre historique - résultats
Vous n’avez pas pris ce quiz